Vplyv využívania nástrojov Business Intelligence na výkonnosť podnikov zborník vedeckých prác : vedecký workshop k riešeniu projektu VEGA č. 1/0562/14

Salvato in:
Dettagli Bibliografici
Enti autori: Vplyv využívania nástrojov Business Intelligence na výkonnosť podnikov. Vedecký workshop, Ekonomická univerzita v Bratislave. Podnikovohospodárska fakulta so sídlom v Košiciach
Altri autori: Dugas, Jaroslav, 1967-
Natura: Libro
Lingua:slovacco
Pubblicazione: Bratislava Vydavateľstvo EKONÓM 2014
Edizione:1. vyd.
Soggetti:
Tags: Aggiungi Tag
Nessun Tag, puoi essere il primo ad aggiungerne!!

MARC

LEADER 00000nlm a2200000 4500
001 0199262
005 20240502073352.7
020 |a 978-80-225-4047-6 
041 0 |a slo 
044 |a SK 
245 1 0 |a Vplyv využívania nástrojov Business Intelligence na výkonnosť podnikov  |b zborník vedeckých prác : vedecký workshop k riešeniu projektu VEGA č. 1/0562/14  |c editor: Jaroslav Dugas 
250 |a 1. vyd. 
264 1 |a Bratislava  |b Vydavateľstvo EKONÓM  |c 2014 
300 |a CD-ROM [180 s., 9 AH] 
610 2 0 |a business intelligence 
610 2 0 |a výkonnosť podniku 
610 2 0 |a marketing 
610 2 0 |a Slovensko 
700 1 |a Dugas, Jaroslav, 1967- 
110 2 |a Vplyv využívania nástrojov Business Intelligence na výkonnosť podnikov. Vedecký workshop 
710 2 |a Ekonomická univerzita v Bratislave. Podnikovohospodárska fakulta so sídlom v Košiciach